The last battle / (Record no. 12702)
[ view plain ]
| 000 -LEADER | |
|---|---|
| fixed length control field | 00669cam a2200205Ia 4500 |
| 020 ## - INTERNATIONAL STANDARD BOOK NUMBER | |
| ISBN | 0590254812 |
| 040 ## - CATALOGING SOURCE | |
| Transcribing agency | CMI |
| 082 ## - DEWEY DECIMAL CLASSIFICATION NUMBER | |
| Classification number | 823 SCH 1995 A093 Or. |
| 100 1# - MAIN ENTRY--AUTHOR NAME | |
| Personal name | Lewis, C. S. |
| 245 14 - TITLE STATEMENT | |
| Title | The last battle / |
| 250 ## - EDITION STATEMENT | |
| Edition statement | [Scholastic ed.] |
| 260 ## - PUBLICATION, DISTRIBUTION, ETC. (IMPRINT) | |
| Place of publication | New York : |
| Name of publisher | Scholastic Inc., |
| Year of publication | 1995, c1956. |
| 300 ## - PHYSICAL DESCRIPTION | |
| Number of Pages | 211 p. : |
| Other physical details | ill., map ; |
| Dimensions | cm. |
| 500 ## - GENERAL NOTE | |
| General note | Edition statement taken from p. [4] of cover. |
| 500 ## - GENERAL NOTE | |
| General note | "Col. map"--p. [3] of cover. |
| 520 ## - SUMMARY, ETC. | |
| Summary, etc | When evil comes to Narnia, Jill and Eustace help fight the great last battle and Aslan leads his people to a new paradise. |
| 650 #0 - SUBJECT ADDED ENTRY--TOPICAL TERM | |
| Topical Term | Fantasy fiction. |
| 700 1# - ADDED ENTRY--PERSONAL NAME | |
| Personal name | Baynes, Pauline, |
| 942 ## - ADDED ENTRY ELEMENTS (KOHA) | |
| Koha item type | សៀវភៅភាសាអង់គ្លេស |
| 952 ## - LOCATION AND ITEM INFORMATION (KOHA) | |
| Withdrawn status [LOCAL, KOHA] | 0 |
| Permanent Location | Date acquired | Koha item type | Lost status | Shelving location | Barcode | Current Location | Full call number |
|---|---|---|---|---|---|---|---|
| Library Block A | 2017-08-16 | សៀវភៅភាសាអង់គ្លេស | A094 | A15559 | Library Block A | 823 SCH 1995 A094 Or. |